00439 2200169 4500001002100000005001500021035002000036245004400056100002100100250001100121300003300132260004900165082000800214084001400222020002200236600001100258INLIS00000000000203720251222100253 a0010-12250000021 aDeeptalk With Allah /cCep M. Faqih dkk0 aKhalid Abu Syadi aCet. 4 a243 :bilus. ;c14 x 20,5 cm aSukoharjo Solo :bAqwam Jembatan Ilmu,c2024 a297 a297 KHA d a978-623-188-048-2 4aShalat